<?xml version="1.0" encoding="UTF-8"?><?xml-stylesheet type="text/xsl" href="static/style.xsl"?><OAI-PMH xmlns="http://www.openarchives.org/OAI/2.0/" xmlns:xsi="http://www.w3.org/2001/XMLSchema-instance" xsi:schemaLocation="http://www.openarchives.org/OAI/2.0/ http://www.openarchives.org/OAI/2.0/OAI-PMH.xsd"><responseDate>2026-04-13T02:24:06Z</responseDate><request verb="GetRecord" identifier="oai:www.recercat.cat:20.500.12327/1973" metadataPrefix="marc">https://recercat.cat/oai/request</request><GetRecord><record><header><identifier>oai:recercat.cat:20.500.12327/1973</identifier><datestamp>2025-10-22T11:16:00Z</datestamp><setSpec>com_2072_4428</setSpec><setSpec>com_2072_4427</setSpec><setSpec>col_2072_487898</setSpec></header><metadata><record xmlns="http://www.loc.gov/MARC21/slim" xmlns:dcterms="http://purl.org/dc/terms/" xmlns:xsi="http://www.w3.org/2001/XMLSchema-instance" xmlns:doc="http://www.lyncode.com/xoai" xsi:schemaLocation="http://www.loc.gov/MARC21/slim http://www.loc.gov/standards/marcxml/schema/MARC21slim.xsd">
   <leader>00925njm 22002777a 4500</leader>
   <datafield ind2=" " ind1=" " tag="042">
      <subfield code="a">dc</subfield>
   </datafield>
   <datafield ind2=" " ind1=" " tag="720">
      <subfield code="a">Burgeon, Clément</subfield>
      <subfield code="e">author</subfield>
   </datafield>
   <datafield ind2=" " ind1=" " tag="720">
      <subfield code="a">Font i Furnols, Maria</subfield>
      <subfield code="e">author</subfield>
   </datafield>
   <datafield ind2=" " ind1=" " tag="720">
      <subfield code="a">Garrido, María Dolores</subfield>
      <subfield code="e">author</subfield>
   </datafield>
   <datafield ind2=" " ind1=" " tag="720">
      <subfield code="a">Linares, María Belén</subfield>
      <subfield code="e">author</subfield>
   </datafield>
   <datafield ind2=" " ind1=" " tag="720">
      <subfield code="a">Brostaux, Yves</subfield>
      <subfield code="e">author</subfield>
   </datafield>
   <datafield ind2=" " ind1=" " tag="720">
      <subfield code="a">Sabeña, Gerard</subfield>
      <subfield code="e">author</subfield>
   </datafield>
   <datafield ind2=" " ind1=" " tag="720">
      <subfield code="a">Fauconnier, Marie-Laure</subfield>
      <subfield code="e">author</subfield>
   </datafield>
   <datafield ind2=" " ind1=" " tag="720">
      <subfield code="a">Panella-Riera, Nuria</subfield>
      <subfield code="e">author</subfield>
   </datafield>
   <datafield ind2=" " ind1=" " tag="260">
      <subfield code="c">2022-09-16</subfield>
   </datafield>
   <datafield ind2=" " ind1=" " tag="520">
      <subfield code="a">This study aimed at understanding which molecules were responsible for the differences existing in boar taint sensory evaluation. The latter was therefore linked to the results of skatole and androstenone chemical analyses, fatty acid composition and VOC profiles of heated backfat. This study confirmed that some discrepancy exists between chemical analysis and sensory evaluation of tainted backfats. Significant correlations between human nose scores and fatty acid composition were not revealed. Strong correlations between emissions and contents in skatole and androstenone were found. Oxidation products of polyunsaturated fatty acids, with fatty odor descriptors, were found to be more present in the VOC profiles of boar fat considered untainted through the human nose methodology. Weak coefficient of determination for partial least square regression indicates that other factors, yet unknown, are responsible for sensory evaluation outcomes. These findings hence support the idea that high human nose score is mainly due to boar taint compounds rather than general differences in VOC profiles.</subfield>
   </datafield>
   <datafield ind1="8" ind2=" " tag="024">
      <subfield code="a">Burgeon, Clément, Maria Font-i-Furnols, María Dolores Garrido, María Belén Linares, Yves Brostaux, Gerard Sabeña, Marie-Laure Fauconnier, and Núria Panella-Riera. 2023. "Can Sensory Boar Taint Levels Be Explained By Fatty Acid Composition And Emitted Volatile Organic Compounds In Addition To Androstenone And Skatole Content?". Meat Science 195: 108985. doi:10.1016/j.meatsci.2022.108985.</subfield>
   </datafield>
   <datafield ind1="8" ind2=" " tag="024">
      <subfield code="a">0309-1740</subfield>
   </datafield>
   <datafield ind1="8" ind2=" " tag="024">
      <subfield code="a">http://hdl.handle.net/20.500.12327/1973</subfield>
   </datafield>
   <datafield ind1="8" ind2=" " tag="024">
      <subfield code="a">https://doi.org/10.1016/j.meatsci.2022.108985</subfield>
   </datafield>
   <datafield ind2="0" ind1="0" tag="245">
      <subfield code="a">Can sensory boar taint levels be explained by fatty acid composition and emitted volatile organic compounds in addition to androstenone and skatole content?</subfield>
   </datafield>
</record></metadata></record></GetRecord></OAI-PMH>